Регионална библиотека "Любен Каравелов" - Русе

Философия на моралното съзнание (Запис номер 7003)

MARC детайли
000 -Лидер
Контролно поле с фиксирана дължина 01496nam a2200361 c 4500
003 - Код на организацията, давaща контролен номер
Контролно поле BLK
005 - Дата и час на последна редакция
Контролно поле 20180420214147.0
008 - Елементи от данни с фиксирана дължина
fixed length control field 180412b bul|||||r ||||||| ||bul||
010 ## - Наследен системен номер
LC control number KNG00008267000
020 ## - Международен стандартен номер на книга ISBN
Международен стандартен номер на книга ISBN 954-494-143-6
-- издат.: Унив. изд. Стопанство
040 ## - Източник на каталожния запис
Идентификатор на билиотеката - собственик на записа BLK
041 ## - Код за език
Код за езика на текст/звукозапис или на отделно заглавие Български
Код за езика КДБФ Български
080 ## - УДК
Текстов определител УДК Етика. Учение за морала. Практическа философия. Вж и 37.034 ; 24
УДК код - определител по УДК 17
УДК определител .02
УДК - код + определител 17.02
080 ## - УДК
Текстов определител УДК Морал и общество. Човешки отношения. Уважение. Независимост. Вж и 395
УДК код - определител по УДК 177
УДК определител .001.1
УДК - код + определител 177.001.1
100 1# - Редна дума - Автор
Автор Кисьов, Тоньо Динчев
Авторска отговорност първи автор
R(LIN) 252065
139 ## - Редно поле
Редна дума Кисьов, Тоньо Динчев
Авторски знак Кис - К 60
245 10 - Сведения за заглавието
Заглавие Философия на моралното съзнание
Редно поле (дума) Тоньо Динчев Кисьов.
257 ## - Страна на издаване
Страна на създаване/издаване България
260 ## - Област на издателските данни
-- София
Име на издателя, разпространителя и проч. Унив. изд. Стопанство
Година на издаване 1995
300 ## - Физическа характеристика
Страници 145 с.
Размери/Мащаб 20 см
380 ## - Жанр
Жанр Философия
500 ## - Общи забележки
Забележка Изд. на УНСС - София ; 551 тир.
650 #4 - Допълнително описание по предмет – тема
Основно описание – тема или топоним Морал - философски проблеми
9 (RLIN) 252066
650 #4 - Допълнително описание по предмет – тема
Основно описание – тема или топоним Личност - морално-етични проблеми
9 (RLIN) 251926
650 #4 - Допълнително описание по предмет – тема
Основно описание – тема или топоним Философия на културата
9 (RLIN) 252067
653 ## - Ключова дума – ненормативна
Ключова дума философия
653 ## - Ключова дума – ненормативна
Ключова дума съзнание
852 ## - Местоположение
Форматна сигнатура Цб 183552
856 4# - Електронен адрес и достъп
Електронен формат pdf - файл
Път до файла /url/
856 4# - Електронен адрес и достъп
Електронен формат pdf - файл
Път до файла /url/
942 ## - АРТИКУЛИ
Вид на библиотечния материал Книги
Скрит в OPAC Не
944 ## - СЪЗДАВАНЕ И РЕДАКЦИЯ на ЗАПИСА
Създаване/Редакция Създаване
Дата на регистрацията/редакция 15.01.2003
Служител, извършил регистрацията/редакцията AB_DOS
944 ## - СЪЗДАВАНЕ И РЕДАКЦИЯ на ЗАПИСА
Създаване/Редакция Редакция
Дата на регистрацията/редакция 15.01.2003
Служител, извършил регистрацията/редакцията
999 ## - СИСТЕМНИ КОНТРОЛНИ НОМЕРА
Koha biblionumber 7003
Koha biblioitemnumber 7003
Наличности
Код за отписване Код за изгубен артикул Източник на класификационната схема Код за повреда Коз за рестрикции Код за отдаване Артикулен № Име на библиотеката - собственик Име на библиотеката, в която се намира в момента Статус (Текущо местоположение) Дата на вписване в системата Местоположение - отдел Цена в лева Инвентарен номер Систематично азбучна сигнатура Баркод Номер на екземпляра Цена в евро Служебна бележка Служебен тип на артикула
  Не е изгубен Universal Decimal Classification Не е повреден без рестрикции ползва се в читалня 12180 Регионална библиотека "Любен Каравелов" Русе Регионална библиотека "Любен Каравелов" Русе Хранилище 2001-01-01 Хранилище 0.00 614570 Цб 183552 120000614570 1 0.00 Дост: Dp Вид: Д N: стар фонд Дата: 01.01.2001 Дата инв: 23.09.2014 Бележки инв: Цб2014 Книги
Vip Innovations Ltd, Rousse, Bulgaria 2025